LEADER 00893cam2 22002531 450 001 SOBE00017017 005 20110804094740.0 100 $a20110804d1845 |||||ita|0103 ba 101 $afre 102 $aFR 200 0 $a1$fJacques-Bénigne Bossuet 210 $aParis$cMéquignon Junior et Leroux$cGaume fréres Libraires$d1845 215 $aXVI, 770 p.$c1 ill.$d25 cm 461 1$1001SOBE00017014$12001 $aOeuvres complétes de Bossuet, évéque de meaux 700 1$aBossuet$b, Jacques-Bénigne$3A600200049351$4070$0396699 801 0$aIT$bUNISOB$c20110804$gRICA 850 $aUNISOB 852 $aUNISOB$j090$m74179 912 $aSOBE00017017 940 $aM 102 Monografia moderna SBN 941 $aM 957 $a090$b000603$i-1$fConsultabile previa autorizzazione$gNO$d74179$tN$1bethb$2UNISOB$3UNISOB$420110804093400.0$520110804094404.0$6bethb 996 $a1$91642772 997 $aUNISOB